Question Bank in Civil Engineering (Record no. 17621)

MARC details
000 -LEADER
fixed length control field 00390nam a2200157Ia 4500
008 - FIXED-LENGTH DATA ELEMENTS--GENERAL INFORMATION
fixed length control field 221030s9999 xx 000 0 und d
020 ## - INTERNATIONAL STANDARD BOOK NUMBER
ISBN 8185749396
041 ## - LANGUAGE CODE
Language code of text/sound track or separate title
100 ## - MAIN ENTRY--AUTHOR NAME
Personal name V. S. Murthy
245 #0 - TITLE STATEMENT
Title Question Bank in Civil Engineering
Statement of responsibility, etc by V. S. Murthy, R. Sood
260 ## - PUBLICATION, DISTRIBUTION, ETC. (IMPRINT)
Name of publisher Katson
Place of publication New Delhi
Year of publication 2017
300 ## - PHYSICAL DESCRIPTION
Number of Pages 778
650 ## - SUBJECT ADDED ENTRY--TOPICAL TERM
Topical Term Civil
700 ## - ADDED ENTRY--PERSONAL NAME
Personal name R. Sood
942 ## - ADDED ENTRY ELEMENTS (KOHA)
Koha item type Books
Holdings
Accession Number Cost, normal purchase price Source of acquisition Price effective from Koha item type Withdrawn / writtenoff status Materials specified (bound volume or other part) Damaged status Not for loan Permanent Location Current Location Shelving location Date acquired Lost/ Missing status department
BE 15327 495.00 Complimentary 10/30/2022 Books   Print     MIET Library, Jammu MIET Library, Jammu BL-Academic Block B, FL-2, CUP-117, SH-1, R-1 04/26/2017   BE